Welcome to WEB OPAC of MRSPTU Central Library

Agricultural Cultivation: A Bibliographic Study (Record no. 7520)

MARC details
000 -LEADER
fixed length control field 00394nam a2200157Ia 4500
008 - FIXED-LENGTH DATA ELEMENTS--GENERAL INFORMATION
fixed length control field 230711s9999||||xx |||||||||||||| ||und||
020 ## - INTERNATIONAL STANDARD BOOK NUMBER
International Standard Book Number 81-261-0585-2
041 ## - LANGUAGE CODE
Language code of text/sound track or separate title ENG
082 ## - DEWEY DECIMAL CLASSIFICATION NUMBER
Classification number 630
100 ## - MAIN ENTRY--PERSONAL NAME
Personal name Want. M.A
245 #0 - TITLE STATEMENT
Title Agricultural Cultivation: A Bibliographic Study
260 ## - PUBLICATION, DISTRIBUTION, ETC.
Date of publication, distribution, etc. 2000
Place of publication, distribution, etc. New Delhi
Name of publisher, distributor, etc. Anmol Publication(P) Ltd.
300 ## - PHYSICAL DESCRIPTION
Extent 165p.
650 ## - SUBJECT ADDED ENTRY--TOPICAL TERM
Topical term or geographic name entry element Agriculture
942 ## - ADDED ENTRY ELEMENTS (KOHA)
Koha item type Book
Holdings
Withdrawn status Lost status Damaged status Not for loan Collection Home library Current library Date acquired Source of acquisition Cost, normal purchase price Inventory number Total checkouts Full call number Barcode Date last seen Price effective from Koha item type
          MRSPTU Central Library MRSPTU Central Library   Technical Bureau India PVT.LTD 300.00 TB47944713   630 P2002 08/17/2023 08/17/2023 Book
          MRSPTU Central Library MRSPTU Central Library   Technical Bureau India PVT.LTD 300.00 TB47944713   630 P2003 08/17/2023 08/17/2023 Book
          MRSPTU Central Library MRSPTU Central Library   Technical Bureau India PVT.LTD 300.00 TB47944713   630 P2004 08/17/2023 08/17/2023 Book
          MRSPTU Central Library MRSPTU Central Library   Technical Bureau India PVT.LTD 300.00 TB47944713   630 P2005 08/17/2023 08/17/2023 Book
          MRSPTU Central Library MRSPTU Central Library   Technical Bureau India PVT.LTD 300.00 TB47944713   630 P2006 08/17/2023 08/17/2023 Book

Website Designed and Developed by MRSPTU Central Library Team

E-mail Id: librarian@mrsptu.ac.in